Statistics for Top 10 Biggest Cities In New Hampshire

Click here to take the quiz!

General Stats

  • This quiz has been taken 5 times
  • The average score is 5 of 10

Answer Stats

HintAnswer% Correct
43,976Concord
100%
115,644Manchester
100%
91,322Nashua
75%
32,741Dover
50%
32,492Rochester
50%
34,317Derry
25%
25,394Hudson
25%
25,826Londonderry
25%
26,632Merrimack
25%
30,089Salem
25%

Score Distribution

Percentile by Number Answered

Percent of People with Each Score

Your Score History

You have not taken this quiz